[Event "DEM U10/U10w 2015"]
[Site "Willingen GER"]
[Date "2015.05.29"]
[Round "10"]
[White "Röste, Hugo"]
[Black "Adelhardt, Lisa"]
[Result "1-0"]
[Termination "normal"]
[Board "42"]
[WhiteElo "1053"]
[BlackElo "897"]
[PlyCount "61"]
[WhiteFideId "16247604"]
[BlackFideId "16235380"]
[EventCountry "GER"]
[EventRounds "11"]
[EventType "swiss"]
[EventDate "2015.05.23"]

1. d4 d5 2. c4 dxc4 3. a4 e5 4. Nf3 e4 5. Nfd2 Qxd4 6. e3 Qd6 7. Bxc4 Nf6 8.
Nc3 Bf5 9. Qc2 Qe5 10. O-O Bd6 11. g3 O-O 12. b3 Nc6 13. Bb2 Qe7 14. Nd5 Nxd5
15. Bxd5 Nb4 16. Qc4 Nxd5 17. Qxd5 Bh3 18. Rfd1 Bb4 19. Nxe4 c6 20. Qc4 Ba5 21.
Ba3 Qc7 22. Bxf8 Rxf8 23. Qd3 Bf5 24. Nf6+ gxf6 25. Qxf5 Qe7 26. Qxa5 a6 27.
Qf5 Kg7 28. Rd7 Qb4 29. Rd4 a5 30. Rg4+ Kh8 31. Qxf6# 1-0

[Event "DEM U10/U10w 2015"]
[Site "Willingen GER"]
[Date "2015.05.29"]
[Round "10"]
[White "Kieckbusch, Lotta"]
[Black "Gossing, Marie-Sophie"]
[Result "1-0"]
[Termination "normal"]
[Board "43"]
[WhiteElo "749"]
[BlackElo "762"]
[PlyCount "97"]
[WhiteFideId "16214390"]
[BlackFideId "16217284"]
[EventCountry "GER"]
[EventRounds "11"]
[EventType "swiss"]
[EventDate "2015.05.23"]

1. e4 e5 2. Nf3 Nc6 3. Bc4 Bc5 4. c3 d6 5. d3 Bg4 6. O-O Nf6 7. Re1 O-O 8. Nbd2
Qd7 9. Nf1 h6 10. Ng3 Rfe8 11. h3 Be6 12. Bb3 Rad8 13. Ba4 Qe7 14. Be3 Bxe3 15.
fxe3 Rf8 16. Bxc6 bxc6 17. d4 exd4 18. exd4 d5 19. e5 Nh5 20. Nxh5 Rfe8 21. Ng3
Bc8 22. Qd3 g6 23. Rad1 c5 24. dxc5 Qxc5+ 25. Qe3 Qxe3+ 26. Rxe3 Bxh3 27. gxh3
Rb8 28. b3 c5 29. Rxd5 c4 30. bxc4 Rb1+ 31. Re1 Rxe1+ 32. Nxe1 Rb8 33. Kf1 Rb1
34. Rd8+ Kg7 35. Rd7 a5 36. e6 a4 37. Rxf7+ Kg8 38. Ra7 Rb8 39. Rxa4 Kg7 40.
Ra7+ Kf6 41. e7 Re8 42. Ne4+ Kf7 43. Nd6+ Ke6 44. Nxe8 g5 45. Ng7+ Kf6 46. e8=Q
g4 47. Rf7+ Kg5 48. Qe5+ Kg6 49. Qf5# 1-0